<?xml version="1.0" encoding="UTF-8"?>
<collection xmlns="http://www.loc.gov/MARC21/slim">
 <record>
  <leader>04598cam a2200841 c 4500</leader>
  <controlfield tag="001">010642242</controlfield>
  <controlfield tag="003">DE-627</controlfield>
  <controlfield tag="005">20250309200027.0</controlfield>
  <controlfield tag="007">tu</controlfield>
  <controlfield tag="008">910628s1991    sz |||||      00| ||ger c</controlfield>
  <datafield tag="015" ind1=" " ind2=" ">
   <subfield code="a">91,032,1922</subfield>
   <subfield code="2">dnb</subfield>
  </datafield>
  <datafield tag="016" ind1="7" ind2=" ">
   <subfield code="a">910321922</subfield>
   <subfield code="2">DE-101</subfield>
  </datafield>
  <datafield tag="020" ind1=" " ind2=" ">
   <subfield code="a">3728116661</subfield>
   <subfield code="9">3-7281-1666-1</subfield>
  </datafield>
  <datafield tag="035" ind1=" " ind2=" ">
   <subfield code="a">(DE-627)010642242</subfield>
  </datafield>
  <datafield tag="035" ind1=" " ind2=" ">
   <subfield code="a">(DE-576)022663363</subfield>
  </datafield>
  <datafield tag="035" ind1=" " ind2=" ">
   <subfield code="a">(DE-599)GBV010642242</subfield>
  </datafield>
  <datafield tag="035" ind1=" " ind2=" ">
   <subfield code="a">(OCoLC)24551387</subfield>
  </datafield>
  <datafield tag="035" ind1=" " ind2=" ">
   <subfield code="a">(OCoLC)24551387</subfield>
  </datafield>
  <datafield tag="035" ind1=" " ind2=" ">
   <subfield code="a">(OCoLC)611556110</subfield>
  </datafield>
  <datafield tag="035" ind1=" " ind2=" ">
   <subfield code="a">(DE-604)804283192x</subfield>
  </datafield>
  <datafield tag="040" ind1=" " ind2=" ">
   <subfield code="a">DE-627</subfield>
   <subfield code="b">ger</subfield>
   <subfield code="c">DE-627</subfield>
   <subfield code="e">rakwb</subfield>
  </datafield>
  <datafield tag="041" ind1=" " ind2=" ">
   <subfield code="a">ger</subfield>
   <subfield code="b">eng</subfield>
   <subfield code="b">fre</subfield>
   <subfield code="b">ita</subfield>
  </datafield>
  <datafield tag="044" ind1=" " ind2=" ">
   <subfield code="c">XA-CH</subfield>
  </datafield>
  <datafield tag="050" ind1=" " ind2="0">
   <subfield code="a">ML594.S46</subfield>
  </datafield>
  <datafield tag="082" ind1="0" ind2=" ">
   <subfield code="a">786.5/1949479</subfield>
  </datafield>
  <datafield tag="084" ind1=" " ind2=" ">
   <subfield code="a">48</subfield>
   <subfield code="2">sdnb</subfield>
  </datafield>
  <datafield tag="084" ind1=" " ind2=" ">
   <subfield code="a">9,10</subfield>
   <subfield code="2">ssgn</subfield>
  </datafield>
  <datafield tag="084" ind1=" " ind2=" ">
   <subfield code="a">LM 78999</subfield>
   <subfield code="2">rvk</subfield>
   <subfield code="0">(DE-625)rvk/101265:</subfield>
  </datafield>
  <datafield tag="084" ind1=" " ind2=" ">
   <subfield code="a">24.81</subfield>
   <subfield code="2">bkl</subfield>
  </datafield>
  <datafield tag="245" ind1="0" ind2="4">
   <subfield code="a">Die Valeria-Orgel</subfield>
   <subfield code="b">ein gotisches Werk in der Burgkirche zu Sitten/Sion</subfield>
   <subfield code="c">Friedrich Jakob; Mane Hering-Mitgau; Albert Knoepfli; Paolo Cadorin</subfield>
  </datafield>
  <datafield tag="264" ind1=" " ind2="1">
   <subfield code="a">Zürich</subfield>
   <subfield code="b">Verl. d. Fachvereine an den schweizerischen Hochschulen und Techniken (vdf)</subfield>
   <subfield code="c">1991</subfield>
  </datafield>
  <datafield tag="300" ind1=" " ind2=" ">
   <subfield code="a">279 S</subfield>
   <subfield code="b">Ill., Kt</subfield>
  </datafield>
  <datafield tag="336" ind1=" " ind2=" ">
   <subfield code="a">Text</subfield>
   <subfield code="b">txt</subfield>
   <subfield code="2">rdacontent</subfield>
  </datafield>
  <datafield tag="337" ind1=" " ind2=" ">
   <subfield code="a">ohne Hilfsmittel zu benutzen</subfield>
   <subfield code="b">n</subfield>
   <subfield code="2">rdamedia</subfield>
  </datafield>
  <datafield tag="338" ind1=" " ind2=" ">
   <subfield code="a">Band</subfield>
   <subfield code="b">nc</subfield>
   <subfield code="2">rdacarrier</subfield>
  </datafield>
  <datafield tag="490" ind1="1" ind2=" ">
   <subfield code="a">Veröffentlichungen des Instituts für Denkmalpfege an der Eidgenössischen Technischen Hochschule Zürich</subfield>
   <subfield code="v">Bd. 8</subfield>
  </datafield>
  <datafield tag="505" ind1="8" ind2=" ">
   <subfield code="a">Mit Literaturverz. (S. 269 - 274)</subfield>
  </datafield>
  <datafield tag="546" ind1=" " ind2=" ">
   <subfield code="a">Zsfssgn in engl., franz. u. ital. Sprache</subfield>
  </datafield>
  <datafield tag="583" ind1="1" ind2=" ">
   <subfield code="a">Archivierung/Langzeitarchivierung gewährleistet</subfield>
   <subfield code="f">SSG</subfield>
   <subfield code="x">XA-DE-BW</subfield>
   <subfield code="2">pdager</subfield>
   <subfield code="5">DE-16</subfield>
  </datafield>
  <datafield tag="583" ind1="1" ind2=" ">
   <subfield code="a">Archivierung prüfen</subfield>
   <subfield code="c">20240324</subfield>
   <subfield code="f">DE-4165</subfield>
   <subfield code="z">1</subfield>
   <subfield code="2">pdager</subfield>
  </datafield>
  <datafield tag="583" ind1="1" ind2=" ">
   <subfield code="a">Archivierung/Langzeitarchivierung gewährleistet</subfield>
   <subfield code="c">20240722</subfield>
   <subfield code="f">NI-LastCopies</subfield>
   <subfield code="x">XA-DE-NI</subfield>
   <subfield code="z">Potenzieller Alleinbesitz Niedersachsen</subfield>
   <subfield code="2">pdager</subfield>
   <subfield code="5">DE-89</subfield>
  </datafield>
  <datafield tag="650" ind1="0" ind2="7">
   <subfield code="0">(DE-588)4021656-1</subfield>
   <subfield code="0">(DE-627)104732164</subfield>
   <subfield code="0">(DE-576)208939210</subfield>
   <subfield code="a">Gotik</subfield>
   <subfield code="2">gnd</subfield>
  </datafield>
  <datafield tag="650" ind1="0" ind2="7">
   <subfield code="0">(DE-588)4043844-2</subfield>
   <subfield code="0">(DE-627)106208314</subfield>
   <subfield code="0">(DE-576)209057556</subfield>
   <subfield code="a">Orgel</subfield>
   <subfield code="2">gnd</subfield>
  </datafield>
  <datafield tag="650" ind1="0" ind2="7">
   <subfield code="0">(DE-588)4043846-6</subfield>
   <subfield code="0">(DE-627)104419121</subfield>
   <subfield code="0">(DE-576)209057564</subfield>
   <subfield code="a">Orgelbau</subfield>
   <subfield code="2">gnd</subfield>
  </datafield>
  <datafield tag="651" ind1=" " ind2="7">
   <subfield code="0">(DE-588)4077467-3</subfield>
   <subfield code="0">(DE-627)106080040</subfield>
   <subfield code="0">(DE-576)20920527X</subfield>
   <subfield code="a">Sitten</subfield>
   <subfield code="2">gnd</subfield>
  </datafield>
  <datafield tag="653" ind1=" " ind2="0">
   <subfield code="a">Notre-Dame de Valère (Church : Sion, Switzerland)</subfield>
   <subfield code="a">Organs</subfield>
  </datafield>
  <datafield tag="653" ind1=" " ind2="0">
   <subfield code="a">Organ (Musical instrument)</subfield>
   <subfield code="a">Switzerland</subfield>
   <subfield code="a">Sion</subfield>
  </datafield>
  <datafield tag="689" ind1="0" ind2="0">
   <subfield code="d">g</subfield>
   <subfield code="0">(DE-588)4249990-2</subfield>
   <subfield code="0">(DE-627)104779489</subfield>
   <subfield code="0">(DE-576)210751339</subfield>
   <subfield code="a">Notre-Dame-de-Valère</subfield>
   <subfield code="g">Sitten</subfield>
   <subfield code="2">gnd</subfield>
  </datafield>
  <datafield tag="689" ind1="0" ind2="1">
   <subfield code="d">s</subfield>
   <subfield code="0">(DE-588)4043844-2</subfield>
   <subfield code="0">(DE-627)106208314</subfield>
   <subfield code="0">(DE-576)209057556</subfield>
   <subfield code="a">Orgel</subfield>
   <subfield code="2">gnd</subfield>
  </datafield>
  <datafield tag="689" ind1="0" ind2="2">
   <subfield code="a">z</subfield>
   <subfield code="2">gnd</subfield>
   <subfield code="a">Geschichte</subfield>
  </datafield>
  <datafield tag="689" ind1="0" ind2=" ">
   <subfield code="5">DE-101</subfield>
  </datafield>
  <datafield tag="689" ind1="1" ind2="0">
   <subfield code="d">s</subfield>
   <subfield code="0">(DE-588)4043846-6</subfield>
   <subfield code="0">(DE-627)104419121</subfield>
   <subfield code="0">(DE-576)209057564</subfield>
   <subfield code="a">Orgelbau</subfield>
   <subfield code="2">gnd</subfield>
  </datafield>
  <datafield tag="689" ind1="1" ind2="1">
   <subfield code="d">s</subfield>
   <subfield code="0">(DE-588)4021656-1</subfield>
   <subfield code="0">(DE-627)104732164</subfield>
   <subfield code="0">(DE-576)208939210</subfield>
   <subfield code="a">Gotik</subfield>
   <subfield code="2">gnd</subfield>
  </datafield>
  <datafield tag="689" ind1="1" ind2=" ">
   <subfield code="5">(DE-627)</subfield>
  </datafield>
  <datafield tag="700" ind1="1" ind2=" ">
   <subfield code="a">Jakob, Friedrich</subfield>
   <subfield code="d">1932-</subfield>
   <subfield code="0">(DE-588)124294820</subfield>
   <subfield code="0">(DE-627)085767298</subfield>
   <subfield code="0">(DE-576)16429032X</subfield>
   <subfield code="4">oth</subfield>
  </datafield>
  <datafield tag="700" ind1="1" ind2=" ">
   <subfield code="a">Hering-Mitgau, Mane</subfield>
   <subfield code="d">1938-</subfield>
   <subfield code="0">(DE-588)107940590</subfield>
   <subfield code="0">(DE-627)616940645</subfield>
   <subfield code="0">(DE-576)161392237</subfield>
   <subfield code="4">oth</subfield>
  </datafield>
  <datafield tag="700" ind1="1" ind2=" ">
   <subfield code="a">Knoepfli, Albert</subfield>
   <subfield code="4">oth</subfield>
  </datafield>
  <datafield tag="700" ind1="1" ind2=" ">
   <subfield code="a">Cadorin, Paolo</subfield>
   <subfield code="d">1918-2014</subfield>
   <subfield code="0">(DE-588)121646750</subfield>
   <subfield code="0">(DE-627)081442297</subfield>
   <subfield code="0">(DE-576)213836653</subfield>
   <subfield code="4">oth</subfield>
  </datafield>
  <datafield tag="787" ind1="0" ind2="8">
   <subfield code="i">Rezensiert in</subfield>
   <subfield code="a">Tagliavini, Luigi Ferdinando, 1929 - 2017</subfield>
   <subfield code="t">[Rezension von: Mane Hering-Mitgau (Red.), Die Valeria-Orgel. Ein gotisches Werk in der Burgkirche zu Sitten/Sion]</subfield>
   <subfield code="d">1993</subfield>
   <subfield code="w">(DE-627)1860110770</subfield>
  </datafield>
  <datafield tag="810" ind1="2" ind2=" ">
   <subfield code="a">Eidgenössische Technische Hochschule Zürich</subfield>
   <subfield code="b">Institut für Denkmalpflege</subfield>
   <subfield code="t">Veröffentlichungen des Instituts für Denkmalpflege an der Eidgenössischen Technischen Hochschule Zürich</subfield>
   <subfield code="v">8</subfield>
   <subfield code="9">800</subfield>
   <subfield code="w">(DE-627)130206571</subfield>
   <subfield code="w">(DE-576)007742606</subfield>
   <subfield code="w">(DE-600)533356-8</subfield>
   <subfield code="7">am</subfield>
  </datafield>
  <datafield tag="935" ind1=" " ind2=" ">
   <subfield code="a">BGTS</subfield>
  </datafield>
  <datafield tag="935" ind1=" " ind2=" ">
   <subfield code="i">Blocktest</subfield>
  </datafield>
  <datafield tag="936" ind1="r" ind2="v">
   <subfield code="a">LM 78999</subfield>
   <subfield code="b">Sonstige Orte</subfield>
   <subfield code="k">Kunstgeschichte</subfield>
   <subfield code="k">Kunst nach Ländern bzw. Kontinenten</subfield>
   <subfield code="k">Frankreich</subfield>
   <subfield code="k">Kunsttopografie Frankreichs</subfield>
   <subfield code="k">Alphabetische Liste der französischen Orte</subfield>
   <subfield code="k">Sonstige Orte</subfield>
   <subfield code="0">(DE-627)1271307324</subfield>
   <subfield code="0">(DE-625)rvk/101265:</subfield>
   <subfield code="0">(DE-576)201307324</subfield>
  </datafield>
  <datafield tag="936" ind1="r" ind2="u">
   <subfield code="a">LR 11880</subfield>
   <subfield code="b">Orgel, Portativ, Positiv, Regal</subfield>
   <subfield code="k">Musikwissenschaft</subfield>
   <subfield code="k">I. Musica theoretica</subfield>
   <subfield code="k">Sachteil: Musica theoretica (einschl. Realien mit geographischem Bezug)</subfield>
   <subfield code="k">Musikinstrumente; Spiel auf einzelnen Instrumenten und Instrumentengruppen; Musik für einzelne Instrumente und Instrumentengruppen</subfield>
   <subfield code="k">Darstellungen:</subfield>
   <subfield code="k">Speziell:</subfield>
   <subfield code="k">Musikinstrumente O</subfield>
   <subfield code="k">Orgel, Portativ, Positiv, Regal</subfield>
   <subfield code="0">(DE-627)1270821199</subfield>
   <subfield code="0">(DE-576)200821199</subfield>
   <subfield code="z">Ungueltig</subfield>
  </datafield>
  <datafield tag="936" ind1="b" ind2="k">
   <subfield code="a">24.81</subfield>
   <subfield code="j">Tasteninstrumente</subfield>
   <subfield code="0">(DE-627)106406469</subfield>
  </datafield>
  <datafield tag="951" ind1=" " ind2=" ">
   <subfield code="a">BO</subfield>
  </datafield>
  <datafield tag="990" ind1=" " ind2=" ">
   <subfield code="a">Notre-Dame-de-Valère</subfield>
  </datafield>
  <datafield tag="990" ind1=" " ind2=" ">
   <subfield code="a">Orgel</subfield>
  </datafield>
  <datafield tag="990" ind1=" " ind2=" ">
   <subfield code="a">Geschichte</subfield>
  </datafield>
  <datafield tag="990" ind1=" " ind2=" ">
   <subfield code="a">Orgelbau</subfield>
  </datafield>
  <datafield tag="990" ind1=" " ind2=" ">
   <subfield code="a">Gotik</subfield>
  </datafield>
  <datafield tag="991" ind1=" " ind2=" ">
   <subfield code="a">Rezensiertes Werk</subfield>
  </datafield>
  <datafield tag="999" ind1=" " ind2=" ">
   <subfield code="a">KXP-PPN010642242</subfield>
   <subfield code="e">4462874854</subfield>
  </datafield>
 </record>
</collection>
